1420 1314 1068 1781 1171 1352 1055 1787 1009 1640 1548 1754 1377 1287 1043 1947 1741 1011 1921 1776 1522 1814 1272 1375 1939 1953 1375 1883 1170 1213 1932 1676 1420 1481 1479 1432 1384 1580 1848 1939 1969 1273 1597 1095 1326 1981 1469 1930 1344 1229 1666 1826 1908 1707 1359 1541 1536 1671 1971 1901 1075 1554 1537 1432 1894 1705 1322 1610 1936 1985 1962 1622 1340 1631 1059 1607 1412 1679 1644 1831 1772 1096 1066 1324 1021 1296 1834 1480 1211 1485 1642 1405 1252 1002 1194 1433 1369 1060 1235 BCNSPRNW ULIB Ver.6.0+V

เปลี่ยนเป็นภาษาไทย

Change to English
 แสดงรายละเอียดบรรณานุกรม
  กลับหน้าหลัก

Brief Record : Get Marc (ISO 2709) : E-mail record : QR code < ปิดหน้าต่าง
LEADER : 00000nam 2200000uu 4500
001    13399127727
003     ULIB
008    210428s2562||||th 000 0 tha d
020 ^  ^a9786160035540
050 ^  ^aนว^bส866จ
100 0  ^aสุริยาทิศ
245 1  ^aจูบนั้นตลอดกาล /^cสุริยาทิศ
250 ^  ^aพิมพ์ครั้งที่ 1.
260 ^  ^aกรุงเทพฯ :^bพิมพ์คำ,^c2562.
300 ^  ^a436 หน้า ;^c21 ซม.
490 0  ^aจุมพิตรัตติกาล
945    ^p300^l0^i28884
999    ^aกัณชพร จุลอักษร
รายการนี้ยังไม่มีแท็ก
คุณยังไม่ได้ล็อกอิน คุณสามารถมีกิจกรรมร่วมกับเว็บไซต์ได้ แต่ต้องล็อกอินก่อน ::
  ล็อกอิน

รายการสื่อสารสนเทศ

ลำดับที่ ประเภท เลขเรียก/บาร์โค้ด สถานที่ สถานะ
1. วิทยาศาสตร์การแพทย์ และสุขภาพ
วิทยาศาสตร์การแพทย์ และสุขภาพ
นว ส866จ ฉ.1 
  Barcode: 28884
ห้องสมุดวิทยาเขตนครสวรรค์
►นวนิยาย:l:Fiction
บนชั้น

รายการใกล้เคียง
    ผู้แต่ง [สุริยาทิศ]

BibComment


ยังไม่เคยถูกคอมเมนท์

คอมเมนท์ทรัพยากรรายการนี้
  คอมเมนท์: จูบนั้นตลอดกาล ..


 Copyright 2026. Bcnsprnw @Library